Cardinals vs. Cardinals - Statistics

General Stats
  • This quiz has been taken 4 times
  • The average score is 7 of 14
Answer Stats
Question Answer % Correct
Which one is a football team Arizona Cardinals
100%
Which team has the longest championship drought in major American sports Arizona Cardinals
100%
Which team did Kurt Warner play for Arizona Cardinals
75%
Which team has the most championships in their conference/league St. Louis Cardinals
75%
Which team most recently made the playoffs St. Louis Cardinals
75%
Which franchise once shared their city with a crosstown rival Both
50%
Which team won a championship against the Browns St. Louis Cardinals
50%
Which team played their inaugural season in St. Louis at Busch Stadium Arizona Cardinals
25%
Which team won a championship in 1947 Arizona Cardinals
25%
Which team is the oldest franchise in their league Arizona Cardinals
25%
Which team changed their name to the Cardinals after originally being known as something else Both
25%
Which team got the name "Cardinals" because their jerseys were cardinal red Both
25%
Which team originally played in St. Louis St. Louis Cardinals
25%
Which team is the oldest active franchise west of the Mississippi St. Louis Cardinals
25%
No matching quizzes found
Score Distribution
Percent of People with Each Score
Percentile by Number Answered
Your Score History
You have not taken this quiz